00245nam a2200109Ia 4500008004100000245003000041260002200071440000600093521001200099942000700111999001700118140130s9999 xx 000 0 und d cKelko KaszaaMy Lucky Day bScholastic,c2003 v1 aGrade 1 cBK c40074d40074